Mulheres e republicanismo (Record no. 15679)
[ view plain ]
| 000 -Etiqueta do registo | |
|---|---|
| Valores | 00688nam a2200205 4500 |
| 010 ## - Número ISBN | |
| ISBN | 9789725973042 |
| 021 ## - Número do Depósito Legal | |
| Número | 279111/08 |
| 100 ## - Dados gerais de processamento | |
| Dados gerais | 20100301d2008 m a0pory5003 ba |
| 200 1# - Titulo e menção de responsabilidade | |
| Título próprio | Mulheres e republicanismo |
| Informação de outro título | (1908-1928) |
| Primeira menção de responsabilidade | João Esteves |
| 210 #9 - Publicação | |
| Local de publicação | Lisboa |
| Nome do editor | Comissão para a Cidadania e Igualdade de Género - Presidência do Conselho de Ministros, |
| Data de publicação | D.L. 2008 |
| 215 ## - Descrição física | |
| Paginação / Volumes | 111p. |
| Dimensões | 17 cm |
| 225 2# - Colecção | |
| Título próprio da colecção | Fio de ariana; |
| Indicação de volume | 5) |
| 675 ## - CDU | |
| Notação | 323.2-055.2(469)"1908/1928" |
| Edição | BN |
| Língua | por |
| 675 ## - CDU | |
| Notação | 316.346-055.2(469)"1908/1928" |
| Edição | BN |
| Língua | por |
| 675 ## - CDU | |
| Notação | 316.66-055.2(469)"1908/1928" |
| Edição | BN |
| Língua | por |
| 700 #1 - Autor principal (pessoa individual) | |
| Apelido | Esteves, |
| Nome | João, |
| Datas | 1960- |
| 801 #0 - Fonte de origem | |
| País | PT |
| Agência | BN |
| Regras de catalogação | RPC |
| 990 ## - Elementos KOHA | |
| Tipo de documento | Livro |
| Situação do levantamento | Estado | Biblioteca de origem | Código de barras | Cota | Permissão de empréstimo | Tipo de documento | Forma de aquisição |
|---|---|---|---|---|---|---|---|
| Biblioteca Municipal do Alandroal | 17831/22 | 329-055.2(469) EST | Livro | Compra |